LEADER 01730nam0 22003373i 450 001 RML0028639 005 20251003044340.0 100 $a20150107d1986 ||||0itac50 ba 101 | $aita 102 $ait 181 1$6z01$ai $bxxxe 182 1$6z01$an 200 1 $aEvizione e garanzia$e1959-1965$fEnnio Russo 210 $aNapoli$cEdizioni scientifiche italiane$dc1986$hstampa 1987 215 $a299 p.$d24 cm. 225 | $aPubblicazioni della Facoltà di giurisprudenza$fUniversità di Perugia$g\poi! Università degli studi di Perugia 410 0$1001CFI0002219$12001 $aPubblicazioni della Facoltà di giurisprudenza$fUniversità di Perugia$g\poi! Università degli studi di Perugia$171201$aUniversità degli studi$c $b : Facoltà di giurisprudenza$3CFIV001702 606 $aEvizione$2FIR$3CFIC012962$9I 606 $aGaranzia per evizione$2FIR$3CFIC012964$9I 676 $a346.4504363$9DIRITTO PRIVATO. BENI IMMOBILI. VENDITA. ITALIA$v20 676 $a346.4504363$9DIRITTO DELLA PROPRIETA IMMOBILIARE. Alienazione. Italia$v22 700 1$aRusso$b, Ennio$3CFIV027282$4070$0229060 801 3$aIT$bIT-000000$c20150107 850 $aIT-BN0095 $aIT-NA0079 901 $bNAP 01$cD $n$ 901 $bNAP BN$cMAGAZZINO $nmagazzini correnti divisi per anni 912 $aRML0028639 950 0$aBiblioteca Centralizzata di Ateneo$c1 v.$d 01D (AR) 1 297$e 01AR 0070012975 VMA 1 v.$fY $h19920728$i20210324$d 01D (AR) 5 878$e 01AR 0070058785 VMA 1 v.$fY $h20230907$i20230907$lFONDO CHIOMENTI$mEx Libris 977 $a 01$a BN 996 $aEvizione e garanzia$9612564 997 $aUNISANNIO